Untersuchungen über die Entwicklung von prothallien einheimischer Polypodiaceen, (Record no. 9135)

MARC details
000 -LEADER
fixed length control field 00634cam a22002171 4500
001 - CONTROL NUMBER
control field agr27000898
003 - CONTROL NUMBER IDENTIFIER
control field DLC
005 - DATE AND TIME OF LATEST TRANSACTION
control field 20260227110947.0
008 - FIXED-LENGTH DATA ELEMENTS--GENERAL INFORMATION
fixed length control field 781115s1927 gw a b 000 0 ger
010 ## - LIBRARY OF CONGRESS CONTROL NUMBER
LC control number agr27000898
035 ## - SYSTEM CONTROL NUMBER
System control number (OCoLC)4374366
040 ## - CATALOGING SOURCE
Original cataloging agency DLC
Transcribing agency TxCM
Modifying agency TxCM
-- DLC
042 ## - AUTHENTICATION CODE
Authentication code premarc
050 00 - LIBRARY OF CONGRESS CALL NUMBER
Classification number QK524.P7
Item number D6
100 1# - MAIN ENTRY--PERSONAL NAME
Personal name Döpp, Walter.
245 10 - TITLE STATEMENT
Title Untersuchungen über die Entwicklung von prothallien einheimischer Polypodiaceen,
Statement of responsibility, etc. von Walter Döpp.
260 ## - PUBLICATION, DISTRIBUTION, ETC.
Place of publication, distribution, etc. Jena,
Name of publisher, distributor, etc. G. Fischer,
Date of publication, distribution, etc. 1927.
300 ## - PHYSICAL DESCRIPTION
Extent 58, [34] p.
Other physical details illus.
Dimensions 26 cm.
440 #0 - SERIES STATEMENT/ADDED ENTRY--TITLE
Title Pflanzenforschung,
Volume/sequential designation Heft 8
650 #0 - SUBJECT ADDED ENTRY--TOPICAL TERM
Topical term or geographic name entry element Polypodiaceae.

No items available.

Powered by Koha